| 000 | 00577nam a2200217 a 4500 | ||
|---|---|---|---|
| 005 | 20140412111323.0 | ||
| 008 | 001113s19uu xx 00 eng d | ||
| 020 | _a0-307-12474-6 | ||
| 050 |
_aER _bPo75 1995 |
||
| 100 | _aPackard, Mary | ||
| 245 |
_aPocahontas into the forest / _cby Mary Packard ; illustrated by Darrell Baker. |
||
| 260 |
_aNew York : _bA Golden Book, _c1995. |
||
| 300 | _a[12] p. ; ill. | ||
| 440 | _aDisney's Series | ||
| 650 | _aFairy tales | ||
| 650 | _aFolklore | ||
| 999 |
_c104481 _d104481 |
||